Film directing fundamentals : see your film before shooting
Αποθηκεύτηκε σε:
| Κύριος συγγραφέας: | |
|---|---|
| Μορφή: | Βιβλίο |
| Γλώσσα: | English |
| Δημοσίευση: |
Amsterdam :
Elsevier/Focal Press,
c2005
|
| Έκδοση: | 2nd ed. |
| Θέματα: | |
| Ετικέτες: |
Προσθήκη ετικέτας
Δεν υπάρχουν, Καταχωρήστε ετικέτα πρώτοι!
|
MARC
| LEADER | 00000nam a2200000 i 4500 | ||
|---|---|---|---|
| 001 | 1/101461 | ||
| 008 | 090218s2005 eng d | ||
| 020 | |a 978-0-240-80562-7 | ||
| 020 | |a 0-240-80562-3 | ||
| 035 | |l 10103271 | ||
| 040 | |a GR-MY-UA |b gre |e aacr | ||
| 041 | 0 | |a eng | |
| 082 | 0 | |a 791.430233 |2 (22) | |
| 100 | 1 | |a Proferes, Nicholas T. | |
| 245 | 1 | 0 | |a Film directing fundamentals : |b see your film before shooting / |c Nicholas T. Proferes |
| 250 | |a 2nd ed. | ||
| 260 | |a Amsterdam : |b Elsevier/Focal Press, |c c2005 | ||
| 300 | |a x, 277 σ.; |b εικ.; |c 26 εκ. | ||
| 504 | |a Βιβλιογραφία: σ. [271] | ||
| 504 | |a Ευρετήριο: σ. [272]-277 | ||
| 650 | 0 | 0 | |a Motion pictures |x Production and direction. |
| 852 | |a INST |b LESVOS |e 20090218 |h 791.430233 PRO |p 005100043949 |q 005100043949 |t BK |y 0 | ||
| 901 | |a BIBL1-2009-1 | ||
| 909 | |a Λ |b 153967 | ||
| 922 | |a 1ΕΛΗ |b 200809 |c ΕΠΕΑΕΚ2/ΠΤΕ |d ΜΙΧΑΛΟΠΟΥΛΟΣ | ||
| 970 | |a ΚΑΡΑ |b ΓΙΑΣΕΜΗ |z 2009/02/18 | ||